مر ز ا محمد ر فيع سو د ا :بچو ں کے شا عر (Record no. 174302)

MARC details
000 -LEADER
fixed length control field 00767nam a22001937a 4500
005 - DATE AND TIME OF LATEST TRANSACTION
control field 20200603114610.0
010 ## - LCCN (DPL NO)
LC control number UR-10773
020 ## - INTERNATIONAL STANDARD BOOK NUMBER
Terms of availability 60.00
International Standard Book Number 9789389002935
035 ## - SYSTEM CONTROL NUMBER
System control number U-9328
037 ## - SOURCE OF ACQUISITION
Source of stock number/acquisition DBAD/PUB
Stock number -
082 ## - DEWEY DECIMAL CLASSIFICATION NUMBER
Classification number 840.08
100 ## - MAIN ENTRY--PERSONAL NAME
Personal name مر تبہ:منا ظر عا شق ہر گا نو ی
245 ## - TITLE STATEMENT
Title مر ز ا محمد ر فيع سو د ا :بچو ں کے شا عر
Statement of responsibility, etc مر تبہ:منا ظر عا شق ہر گا نو ی
246 ## - VARYING FORM OF TITLE
Remainder of title Mirza Mohd. Rafi Sauda: Bachchon Ke Shair (Urdu)
Title proper/short title by Manazir Ashiq Harganvi
260 ## - PUBLICATION, DISTRIBUTION, ETC. (IMPRINT)
Place of publication, distribution, etc Delhi
Name of publisher, distributor, etc Educational Publishing House
Date of publication, distribution, etc 2019 ء
270 ## - ADDRESS
Address 3191,Vakil Street,Kucha Pandit Lal Kuan,
City Delhi
Postal code 110006
Telephone number 23216162
Fax number -
300 ## - PHYSICAL DESCRIPTION
Extent 48 ص
Dimensions 22 Cm(Hb)
942 ## - ADDED ENTRY ELEMENTS (KOHA)
Source of classification or shelving scheme Dewey Decimal Classification
Item type Urdu Bks
Classification part 840.08
Call number suffix م ح م
Holdings
Withdrawn status Lost status Not for loan Collection code Home library Current library Date acquired Source of acquisition Cost, normal purchase price Full call number Barcode Copy number Cost, replacement price Koha item type
      Non-fiction Central Library Central Library 03/06/2020 DBAD/PUB 60.00 840.08 م ح م U-9328 1 60.00 Urdu Bks

© Delhi Public Library
Hit Counter
free hit counter